书目信息 |
| 题名: |
学术英语过程写作
|
|
| 作者: | 丰俊超 , 蔡文育 , 孙菲 主编 | |
| 分册: | ||
| 出版信息: | 哈尔滨 哈尔滨工业大学出版社 2024.08 |
|
| 页数: | 205页 | |
| 开本: | 24cm | |
| 丛书名: | ||
| 单 册: | ||
| 中图分类: | H315 | |
| 科图分类: | ||
| 主题词: | 英语--写作 | |
| 电子资源: | ||
| ISBN: | 978-7-5767-1687-0 | |
| 000 | 00945nam0 2200265 450 | |
| 001 | 013143190 | |
| 005 | 20251022100249.58 | |
| 010 | @a978-7-5767-1687-0@dCNY39.00 | |
| 100 | @a20250409d2024 em y0chiy0120 ea | |
| 101 | 0 | @achi@aeng |
| 102 | @aCN@b230000 | |
| 105 | @ay z 000yy | |
| 106 | @ar | |
| 200 | 1 | @a学术英语过程写作@9xue shu ying yu guo cheng xie zuo@f丰俊超,蔡文育,孙菲主编 |
| 210 | @a哈尔滨@c哈尔滨工业大学出版社@d2024.08 | |
| 215 | @a205页@d24cm | |
| 330 | @a本书分为学术英语论文写前过程、学术英语论文撰写过程、学术英语论文改稿过程三部分,共十章,内容包括:什么是研究、什么是学术英语论文研究、如何高效阅读文献、如何写题目等。 | |
| 510 | 1 | @aAcademic English process writing@zeng |
| 606 | 0 | @a英语@x写作 |
| 690 | @aH315@v5 | |
| 701 | 0 | @a丰俊超@9feng jun chao@4主编 |
| 701 | 0 | @a蔡文育@9cai wen yu@4主编 |
| 701 | 0 | @a孙菲@9sun fei@4主编 |
| 801 | 0 | @aCN@c20250910 |
| 905 | @a河南城建学院图书馆@dH315@eF409@ZF409@f1 | |
| 学术英语过程写作/丰俊超,蔡文育,孙菲主编.-哈尔滨:哈尔滨工业大学出版社,2024.08 |
| 205页;24cm |
| ISBN 978-7-5767-1687-0:CNY39.00 |
| 本书分为学术英语论文写前过程、学术英语论文撰写过程、学术英语论文改稿过程三部分,共十章,内容包括:什么是研究、什么是学术英语论文研究、如何高效阅读文献、如何写题目等。 |
| ● |
| 相关链接 |
|
|
|
正题名:学术英语过程写作
索取号:H315/F409
 
预约/预借
| 序号 | 登录号 | 条形码 | 馆藏地/架位号 | 状态 | 备注 |
| 1 | 1634895 | 216348959 | 语言库209/209语言库 6排1列5层/ [索取号:H315/F409] | 在馆 |